Les 40 plus grosses entreprises françaises - Statistiques

Statistiques générales
  • Ce quiz a été pris 369 fois
  • Le résultat moyen est 15 sur 40
Statistiques - réponses
Secteur(s) Entreprise % Correct
Automobile Groupe PSA
86%
Automobile Renault
86%
Energie Engie
77%
Télécomunications Orange
76%
Luxe LVMH
72%
Pétrole Total
72%
BTP Bouygues
70%
Aéronautique,défense Airbus Group
69%
Banque BNP Paribas
69%
Pneumatique,tourisme,gastronomie Michelin
69%
Banque Crédit agricole
66%
Distribution Carrefour
65%
Cosmétique L'Oréal
58%
Assurance Axa
55%
Banque Société générale
53%
Hôtellerie AccorHotels
52%
BTP Vinci
39%
Acier ArcelorMittal
35%
Agroalimentaire Danone
34%
Ciment LafargeHolcim
34%
Pharmacie Sanofi
34%
Spiritueux Pernod Ricard
27%
Matériaux de construction,verre Saint-Gobain
23%
Gaz industriel Air liquide
22%
Publicité Publicis Groupe
22%
Services collectifs Veolia Environnement
21%
Média Vivendi
20%
Aéronautique Safran
19%
Restauration collective Sodexo
19%
Optique Essilor International
16%
Luxe Kering
14%
Matériel électrique Legrand
12%
Matériel électrique Schneider Electric
12%
Equipementier automobile Valeo
11%
Services informatiques Capgemini
9%
Télécommunications Nokia (Alcatel)
9%
Ingénierie pétrolière Technip
6%
Immobilier Unibail-Rodamco
4%
Immobilier Klépierre
2%
Chimie Solvay
2%
Aucun quiz correspondant
Distribution des résultats
% des personnes avec chaque résultat
Percentile par nombre de réponses
Votre historique - résultats
Vous n’avez pas pris ce quiz